| 000 | 01320nam a2200337 a 4500 | ||
|---|---|---|---|
| 001 | ebr10069825 | ||
| 003 | CaPaEBR | ||
| 006 | m u | ||
| 007 | cr cn||||||||| | ||
| 008 | 020123s2003 enka sbq 001 0 eng | ||
| 010 | _z 2002020179 | ||
| 020 | _z0521793319 (hardback) | ||
| 020 | _z0521797438 (pbk.) | ||
| 040 |
_aCaPaEBR _cCaPaEBR |
||
| 035 | _a(OCoLC)57417942 | ||
| 050 | 1 | 4 |
_aPN1997.S65733 _bJ65 2003eb |
| 082 | 0 | 4 |
_a791.43/72 _221 |
| 245 | 0 | 0 |
_aJohn Ford's stagecoach _h[electronic resource] / _cedited by Barry Keith Grant. |
| 260 |
_aCambridge : _aNew York : _bCambridge University Press, _c2003. |
||
| 300 |
_axii, 243 p. : _bill. |
||
| 490 | 1 | _aCambridge film handbooks | |
| 504 | _aFilmography: p. 185-232. | ||
| 504 | _aIncludes bibliographical references (p. 233-237) and index. | ||
| 533 |
_aElectronic reproduction. _bPalo Alto, Calif. : _cebrary, _d2013. _nAvailable via World Wide Web. _nAccess may be limited to ebrary affiliated libraries. |
||
| 630 | 0 | 0 | _aStagecoach (Motion picture) |
| 655 | 7 |
_aElectronic books. _2local |
|
| 700 | 1 |
_aGrant, Barry Keith, _d1947- |
|
| 710 | 2 | _aebrary, Inc. | |
| 830 | 0 | _aCambridge film handbooks series. | |
| 856 | 4 | 0 |
_uhttp://site.ebrary.com/lib/rucke/Doc?id=10069825 _zAn electronic book accessible through the World Wide Web; click to view |
| 999 |
_c30134 _d30134 |
||